| 000 | 00353nam a2200157Ia 4500 | ||
|---|---|---|---|
| 008 | 160316s1998 xxu||||| |||| 00| 0 eng d | ||
| 082 |
_a823.000000 _bMCE |
||
| 100 | _aMcEwan Ian | ||
| 245 | _aAmsteradam | ||
| 250 | _a | ||
| 260 |
_aLondon _bVintage Books _c1998 |
||
| 300 |
_a178p _b _c |
||
| 365 | _b Rs. 130 | ||
| 650 | _a1. Fiction | ||
| 700 |
_a _a |
||
| 999 |
_c33402 _d33402 |
||